| 000 | 00766cam a2200169 a 4500 | ||
|---|---|---|---|
| 001 | 000007133 | ||
| 005 | 20240313182408.0 | ||
| 008 | 810918s1927 fr a 000 0 fre | ||
| 040 |
_aDO-SdBNP _bspa _cBNPHU _dBNPHU |
||
| 082 |
_a923.9 _bC719U |
||
| 100 | 1 |
_aUlloa, Luis, _d1584-1674. _919787 |
|
| 245 | 1 | 0 |
_aChristophe Colomb : _bCatalan : la vraie Genèse de la découverte de l Amérique : avec un appendice sur les Colombo et Colomo castillans et sur le passeport donné à Colomb, en avril 1492, pour se rendre aux indes / _cLuis Ulloa. |
| 260 |
_aParis : _bLibraire Orientale et Américaine ; _bMaisonneuve freres, _c1927. |
||
| 300 |
_a404 p. : _bil. ; _c21 cm. |
||
| 600 | 0 |
_aCOLÓN, CRISTOBAL, _d1436-1456 _919795 |
|
| 650 | 4 |
_aExploradores españoles _xBiografía _919788 |
|
| 999 |
_c6914 _d6914 |
||